000 00536nmm a2200181Ia 4500
008 251105s9999||||xx |||||||||||||||||und||
041 _aspa
100 _aBonsels, Waldemar
245 0 _aLa abeja Maya
264 _a[Madrid, España] :
_bNordica Libros,
_c[Fecha de publicación no identificada]
300 _a0 páginas
490 _aNórdica Infantil
650 _aAges 9-12 Years Old
700 _aBonsels, Waldemar
700 1 _a Hernández, Isabel
856 _uhttps://public.digitaliapublishing.com/a/98807
942 _cCF
999 _c63003
_d63003